000 00246nam a2200109Ia 4500
008 190914s9999||||xx |||||||||||||| ||und||
100 _aHafsah Rehan
245 0 _aDam-e-Laho
260 _aIslamabad
_bPakistan PS
_c1986
300 _a581
942 _cBK
999 _c8595
_d8595